| 000 | 01217cam a2200313 a 4500 | ||
|---|---|---|---|
| 005 | 20260322212006.0 | ||
| 008 | data | ||
| 010 | _a 2004113767 | ||
| 020 | _a0740750089 | ||
| 020 | _a9780740750083 | ||
| 040 |
_aDLC _cDLC _dDLC |
||
| 042 | _apcc | ||
| 050 | 0 | 0 |
_aPN6728.M67 _bP57 2005 |
| 082 | 0 | 0 |
_a741.5/973 _222 |
| 099 | _aPETERM | ||
| 100 | 1 |
_aPeters, Mike, _d1943- |
|
| 240 | 1 | 0 |
_aMother Goose & Grimm. _kSelections |
| 245 | 1 | 4 |
_aThe ultimate Mother Goose and Grimm : _ba 20-year treasury / _cMike Peters. |
| 260 |
_aKansas City, Mo. : _bAndrews McMeel, _cc2005. |
||
| 300 |
_a217 p. : _bchiefly ill. (some col.) ; _c22 x 28 cm. |
||
| 500 | _aCollection of previously published comic strips. | ||
| 655 | 0 | _aComic books, strips, etc. | |
| 856 | 4 | 2 |
_3Publisher description _uhttp://www.loc.gov/catdir/enhancements/fy0630/2004113767-d.html |
| 856 | 4 | 2 |
_3Contributor biographical information _uhttp://www.loc.gov/catdir/enhancements/fy0645/2004113767-b.html |
| 906 |
_a7 _bcbc _corignew _d2 _eepcn _f20 _gy-gencatlg |
||
| 925 | 0 |
_aacquire _b2 shelf copies _xpolicy default |
|
| 001 | data | ||
| 999 |
_c89 _d89 |
||